|
|
|
|
| LEADER |
00000nas a2200000 a 4500 |
| 001 |
ssj0000601398 |
| 003 |
WaSeSS |
| 005 |
20200512172242.0 |
| 006 |
m d |
| 007 |
cr n |
| 008 |
080402c20019999po uu p s | 0por c |
| 010 |
|
|
|a 2008222306
|
| 022 |
|
|
|l 1645-3794
|y 1645-3794
|
| 035 |
|
|
|a (WaSeSS)ssj0000601398
|
| 040 |
|
|
|a CLU
|b eng
|c CLU
|d OCoLC
|d FU
|d CaAEU
|d OCoLC
|d WaSeSS
|
| 042 |
|
|
|a pcc
|
| 043 |
|
|
|a f------
|
| 050 |
1 |
4 |
|a DT1
|b .C325
|
| 222 |
|
0 |
|a Cadernos de estudos africanos
|
| 245 |
0 |
0 |
|a Cadernos de estudos africanos
|h [electronic resource].
|
| 260 |
|
|
|a Lisboa, Portugal :
|b Centro de Estudos Africanos, Instituto Superior de Ciências do Trabalho e da Empresa
|
| 310 |
|
|
|a Two times a year
|
| 362 |
1 |
|
|a Began with N. 1 (julho/dez. 2001); title from t.p.
|
| 506 |
|
|
|a License restrictions may limit access.
|
| 588 |
|
|
|a Description based on first issue; title from cover.
|
| 588 |
|
|
|a Latest issue consulted: N. 20 (janeiro 2011).
|
| 651 |
|
0 |
|a Africa
|v Periodicals.
|
| 651 |
|
6 |
|a Afrique
|v Périodiques.
|
| 655 |
|
0 |
|a Electronic journals.
|
| 710 |
2 |
|
|a Instituto Superior de Ciências do Trabalho e da Empresa (Portugal).
|b Centro de Estudos Africanos.
|
| 856 |
4 |
0 |
|z Full text available from Research Library: 01/01/2007 to present
|u https://search.proquest.com/publication/1766370
|